| 000 | 01054nam a2200277 a 4500 | ||
|---|---|---|---|
| 005 | 20090725120519.0 | ||
| 008 | 080425s2008 nyua b 001 0 eng | ||
| 010 | _aENG-94555 | ||
| 020 |
_a9780070140646 _c350.00 |
||
| 020 |
_a0070140642 _c350.00 |
||
| 035 | _aEN-78088 | ||
| 037 | _bDBAD / PUB | ||
| 040 |
_adpl _bEnglish |
||
| 082 | _a381.101 | ||
| 100 | _aEl-Erian, Mohamed A. | ||
| 245 |
_aWhen markets collide : _binvestment strategies for the age of global economic change / _cby Mohamed A. El-Erian |
||
| 260 |
_aNew Delhi _bTata McGraw-Hill Publishing _c2008 |
||
| 270 |
_a7 West Patel Nagar, _bNew Delhi _e110008 |
||
| 300 |
_axiii, 344 p. _c24cm(pbk) |
||
| 500 | _aIncludes bibliographical references and index | ||
| 650 | _aMarkets. | ||
| 650 | _aBusiness cycles. | ||
| 650 | _aRisk management. | ||
| 942 |
_2ddc _cEN _h381.101 _mELE |
||
| 999 |
_c28658 _d28658 |
||